[Event "Quebec op U2000"]
[Site "Montreal CAN"]
[Date "2016.07.29"]
[Round "8.33"]
[White "El-Adraoui, Mourad"]
[Black "Shah, Omar"]
[Result "1-0"]
[WhiteElo "1768"]
[BlackElo "1973"]
[PlyCount "41"]
[EventDate "2016.07.23"]
[EventType "swiss"]
[EventRounds "8"]
[EventCountry "CAN"]

1. e4 c5 2. b4 e6 3. a3 Qf6 4. Nc3 cxb4 5. axb4 Bxb4 6. Bb2 Qg6 7. Nb5 Na6 8.
Qf3 Nf6 9. Bd3 Qg4 10. Qxg4 Nxg4 11. Bxg7 Rg8 12. Bd4 Bc5 13. Bxc5 Nxc5 14.
Nc7+ Ke7 15. Nxa8 Nxd3+ 16. cxd3 Ne5 17. Rxa7 Nxd3+ 18. Kf1 Nc5 19. Nb6 Nxe4
20. Ra8 Nxd2+ 21. Ke2 1-0

[Event "Quebec op U2000"]
[Site "Montreal CAN"]
[Date "2016.07.29"]
[Round "8.34"]
[White "Villeneuve, Benoit"]
[Black "Liu, Yu Qing"]
[Result "0-1"]
[WhiteElo "1795"]
[BlackElo "1821"]
[PlyCount "46"]
[EventDate "2016.07.23"]
[EventType "swiss"]
[EventRounds "8"]
[EventCountry "CAN"]

1. e4 c5 2. Nf3 Nc6 3. d4 cxd4 4. Nxd4 e5 5. Nb5 a6 6. Nd6+ Bxd6 7. Qxd6 Qf6 8.
Qd1 Qg6 9. Nc3 d5 10. f3 Nf6 11. Nxd5 Nxd5 12. Qxd5 O-O 13. Be3 Rd8 14. Qc5 Be6
15. Rg1 Rac8 16. Bd3 Nd4 17. Qxe5 Nxc2+ 18. Bxc2 Rxc2 19. Rd1 Rdc8 20. Qa5 h6
21. Rd2 Qf6 22. Bd4 Qf4 23. Bc3 Qe3+ 0-1

[Event "Quebec op U2000"]
[Site "Montreal CAN"]
[Date "2016.07.29"]
[Round "8.35"]
[White "Nica, Ion"]
[Black "Gilbert, Erick"]
[Result "1/2-1/2"]
[WhiteElo "1753"]
[BlackElo "1803"]
[PlyCount "51"]
[EventDate "2016.07.23"]
[EventType "swiss"]
[EventRounds "8"]
[EventCountry "CAN"]

1. b3 c5 2. Bb2 Nc6 3. e3 d5 4. Bb5 Bd7 5. f4 a6 6. Bxc6 Bxc6 7. Nf3 Nf6 8. O-O
e6 9. Ne5 Bd6 10. d3 Qc7 11. Nd2 b5 12. Ndf3 h6 13. Qe1 O-O-O 14. a3 Bb7 15. c4
Nh5 16. cxb5 axb5 17. b4 c4 18. a4 g5 19. Nd4 bxa4 20. Nb5 Qb6 21. Nxd6+ Rxd6
22. Nxf7 Rh7 23. Nxd6+ Qxd6 24. Be5 Qc6 25. d4 Qe8 26. Qd1 1/2-1/2

[Event "Quebec op U2000"]
[Site "Montreal CAN"]
[Date "2016.07.29"]
[Round "8.36"]
[White "Deschamps, Richard"]
[Black "Perna-Fraser, David"]
[Result "1/2-1/2"]
[WhiteElo "1905"]
[BlackElo "1919"]
[PlyCount "124"]
[EventDate "2016.07.23"]
[EventType "swiss"]
[EventRounds "8"]
[EventCountry "CAN"]

1. e4 e5 2. Nf3 Nf6 3. Nc3 Bb4 4. d3 Nc6 5. Bd2 O-O 6. Be2 d6 7. h3 Bxc3 8.
Bxc3 a5 9. O-O Ne7 10. Re1 Ng6 11. Bf1 Nd7 12. d4 Nh4 13. Kh2 Qf6 14. Nxh4 Qxh4
15. g3 Qh6 16. Bg2 Nf6 17. Bd2 Qg6 18. c3 Bd7 19. f4 Nh5 20. Qf3 exf4 21. gxf4
Nf6 22. f5 Qh5 23. Qg3 Nxe4 24. Bxe4 Bxf5 25. Bxf5 Qxf5 26. Rg1 g6 27. Raf1 Qc2
28. Rg2 Qxb2 29. Bh6 Qb5 30. Rgf2 Rfe8 31. Rxf7 Qh5 32. Bg5 Re2+ 33. R7f2 Rf8
34. Bf4 Rxf2+ 35. Rxf2 g5 36. Rg2 h6 37. Bd2 Rf3 38. Qg4 Qxg4 39. Rxg4 Rd3 40.
Rg2 Kf7 41. Be1 b5 42. Rg3 Rd1 43. Re3 c5 44. dxc5 dxc5 45. Kg2 Rc1 46. Re2 b4
47. cxb4 cxb4 48. Kf3 Rb1 49. Ke4 a4 50. Kd4 a3 51. Kc4 Rb2 52. Rd2 b3 53. Rd3
bxa2 54. Rxa3 Rc2+ 55. Bc3 Rh2 56. Be5 Re2 57. Bd4 Kg6 58. Ra6+ Kh5 59. Bg7 Kh4
60. Rxh6+ Kg3 61. Kb3 Re7 62. Bb2 Re1 1/2-1/2

[Event "Quebec op U2000"]
[Site "Montreal CAN"]
[Date "2016.07.29"]
[Round "8.37"]
[White "Chevalier, Francois"]
[Black "Zhong, Wenxuan"]
[Result "1/2-1/2"]
[WhiteElo "1779"]
[BlackElo "1821"]
[PlyCount "105"]
[EventDate "2016.07.23"]
[EventType "swiss"]
[EventRounds "8"]
[EventCountry "CAN"]

1. d4 d5 2. Bf4 Nf6 3. e3 e6 4. Nd2 Nbd7 5. Bd3 Be7 6. Ngf3 O-O 7. Ne5 c5 8. c3
Nxe5 9. dxe5 Nd7 10. Qh5 f5 11. Nf3 Qe8 12. Qh3 Qg6 13. Qg3 Qxg3 14. Bxg3 a6
15. a4 b6 16. Nd2 Bb7 17. f4 Bc6 18. O-O b5 19. axb5 axb5 20. Bc2 Nb6 21. b3 g5
22. Bf2 g4 23. Rfb1 Rfd8 24. Rxa8 Rxa8 25. Rb2 Ra1+ 26. Bb1 c4 27. Ra2 Rxa2 28.
Bxa2 b4 29. Nb1 bxc3 30. Nxc3 cxb3 31. Bxb3 Bb4 32. Ne2 Nc4 33. Nd4 Bd7 34. Bc2
Kf7 35. Bb3 h5 36. g3 Bd2 37. Nc2 Na5 38. Nd4 Nxb3 39. Nxb3 Bc3 40. Nd4 Bc8 41.
Nb5 Bb4 42. Nd6+ Bxd6 43. exd6 e5 44. fxe5 Ke6 45. Be1 Kxe5 46. Bb4 d4 47.
exd4+ Kxd4 48. Kf2 Ke4 49. Bc5 f4 50. gxf4 Kxf4 51. Be3+ Ke4 52. Bg5 Kf5 53.
Be7 1/2-1/2

[Event "Quebec op U2000"]
[Site "Montreal CAN"]
[Date "2016.07.29"]
[Round "8.38"]
[White "Kozlov, Guennadi"]
[Black "Joyal, Bruno"]
[Result "0-1"]
[WhiteElo "1747"]
[BlackElo "1925"]
[PlyCount "106"]
[EventDate "2016.07.23"]
[EventType "swiss"]
[EventRounds "8"]
[EventCountry "CAN"]

1. e4 e5 2. f4 Bc5 3. Nf3 d6 4. c3 Bg4 5. d4 Bxf3 6. Qxf3 exd4 7. Bc4 Nc6 8.
Bb5 Nge7 9. cxd4 Bxd4 10. Nc3 O-O 11. Ne2 a6 12. Ba4 b5 13. Bb3 Bb6 14. Be3
Bxe3 15. Qxe3 Na5 16. Bc2 Nc4 17. Qc1 c5 18. b3 Qa5+ 19. Kf2 Na3 20. Qb2 b4 21.
Bd3 Qb6 22. Kf3 Nc6 23. g4 Rae8 24. g5 Nb5 25. h4 Ncd4+ 26. Kg4 Nxe2 27. Qxe2
Nd4 28. Qg2 Qb7 29. h5 f5+ 30. gxf6 Rxf6 31. Kg3 Ref8 32. Rh4 Qc7 33. Rf1 a5
34. Kh2 Rh6 35. Qg5 Kh8 36. Rg4 Qf7 37. Rh4 Re8 38. Bc4 Qf8 39. f5 Re5 40. Qf4
Qe8 41. Qg5 Rxe4 42. Rxe4 Rxh5+ 43. Qh4 Rxh4+ 44. Rxh4 Qe5+ 45. Rhf4 d5 46. Bd3
g5 47. fxg6 Ne6 48. Kg3 Nxf4 49. Rxf4 Qe3+ 50. Rf3 Qg5+ 51. Kf2 hxg6 52. Rg3
Qd2+ 53. Kg1 g5 0-1

[Event "Quebec op U2000"]
[Site "Montreal CAN"]
[Date "2016.07.29"]
[Round "8.39"]
[White "Cisse, Lamine"]
[Black "Guipi Bopala, Prince Eric jr"]
[Result "0-1"]
[WhiteElo "1898"]
[BlackElo "1816"]
[PlyCount "78"]
[EventDate "2016.07.23"]
[EventType "swiss"]
[EventRounds "8"]
[EventCountry "CAN"]

1. e4 e5 2. Nf3 Nc6 3. Bb5 a6 4. Ba4 Nf6 5. O-O b5 6. Bb3 Be7 7. Re1 O-O 8. c3
d5 9. exd5 Nxd5 10. Nxe5 Nxe5 11. Rxe5 c6 12. d4 Bd6 13. Rh5 Re8 14. Bg5 f6 15.
Be3 Be6 16. Nd2 g6 17. Rh4 f5 18. Nf3 Be7 19. Rh6 Nxe3 20. fxe3 Kg7 21. Rh3 Bc8
22. Ne5 Bf6 23. Nxc6 Qc7 24. Nb4 f4 25. Nd5 Qd8 26. Nxf6 Qxf6 27. Rf3 Bg4 28.
exf4 Bxf3 29. Qxf3 Re7 30. Qxa8 Qxf4 31. Rf1 Qe3+ 32. Kh1 Re8 33. Qxa6 Qe1 34.
Qf6+ Kh6 35. h4 Qg3 36. Qf4+ Qxf4 37. Rxf4 Re2 38. g4 Rxb2 39. g5+ Kg7 0-1

[Event "Quebec op U2000"]
[Site "Montreal CAN"]
[Date "2016.07.29"]
[Round "8.40"]
[White "Desmarais, Serge"]
[Black "Moore, Ronald"]
[Result "0-1"]
[WhiteElo "1743"]
[BlackElo "1684"]
[PlyCount "78"]
[EventDate "2016.07.23"]
[EventType "swiss"]
[EventRounds "8"]
[EventCountry "CAN"]

1. d4 f5 2. g3 Nf6 3. Bg2 d5 4. Nh3 e6 5. c4 c6 6. Qc2 Bd6 7. Bf4 O-O 8. O-O
Bxf4 9. Nxf4 g5 10. Nd3 Qe8 11. Nd2 Nbd7 12. b4 Qh5 13. f3 Kh8 14. e3 Rg8 15.
c5 Nf8 16. Rf2 Qe8 17. a4 Bd7 18. Rb1 h5 19. Ne5 Ng6 20. Bf1 h4 21. g4 Nxe5 22.
dxe5 Nh7 23. Bd3 Qf7 24. h3 Nf8 25. Rbf1 Qg7 26. Nb3 Ng6 27. f4 gxf4 28. exf4
fxg4 29. Rg2 g3 30. Qe2 Qh6 31. Bxg6 Qxg6 32. Nd4 Raf8 33. b5 Rf7 34. Rf3 Rgf8
35. Qe3 Qh6 36. Ne2 cxb5 37. axb5 Bxb5 38. Nc3 Bc6 39. Ra2 d4 0-1

[Event "Quebec op U2000"]
[Site "Montreal CAN"]
[Date "2016.07.29"]
[Round "8.41"]
[White "O'Neill, Brendon"]
[Black "Gauthier, Luc"]
[Result "1-0"]
[WhiteElo "1699"]
[BlackElo "1775"]
[PlyCount "93"]
[EventDate "2016.07.23"]
[EventType "swiss"]
[EventRounds "8"]
[EventCountry "CAN"]

1. e4 Nf6 2. e5 Nd5 3. c4 Nb6 4. d4 d6 5. exd6 exd6 6. Nc3 Be7 7. Be3 Nc6 8.
Nf3 Bg4 9. h3 Bh5 10. b3 Bf6 11. Be2 d5 12. c5 Nc8 13. O-O O-O 14. Rc1 Bxf3 15.
Bxf3 N8e7 16. Qd3 Nb4 17. Qb1 a5 18. a3 Na6 19. Qd3 c6 20. Na4 Nc8 21. Bg4 Nc7
22. Bxc8 Rxc8 23. Nb6 Ne6 24. Nxc8 Qxc8 25. Qd2 Qc7 26. b4 Ra8 27. Rb1 a4 28.
b5 h6 29. bxc6 bxc6 30. Rb6 Nxc5 31. Qb4 Nb3 32. Rb7 Qc8 33. Rd1 Bxd4 34. Qe7
Nc5 35. Qxf7+ Kh8 36. Bxd4 Qxb7 37. Qh5 Nb3 38. Qxh6+ Kg8 39. Qe6+ Kh7 40. Qf5+
Kg8 41. Qe6+ Kh7 42. Rd3 Nxd4 43. Rxd4 g5 44. Qf5+ Kg8 45. Qxg5+ Qg7 46. Qe3
Qf6 47. Qg3+ 1-0

[Event "Quebec op U2000"]
[Site "Montreal CAN"]
[Date "2016.07.29"]
[Round "8.42"]
[White "Brunet, Guy"]
[Black "Armstrong, Robert J"]
[Result "0-1"]
[WhiteElo "1625"]
[BlackElo "1735"]
[PlyCount "112"]
[EventDate "2016.07.23"]
[EventType "swiss"]
[EventRounds "8"]
[EventCountry "CAN"]

1. d4 g6 2. Nf3 Bg7 3. Bf4 c5 4. e3 Qb6 5. b3 Nc6 6. c3 Nf6 7. Be5 Nxe5 8. Nxe5
d6 9. Nf3 cxd4 10. cxd4 O-O 11. Be2 Bg4 12. h3 Bxf3 13. Bxf3 Rac8 14. O-O Rc7
15. Nd2 d5 16. Be2 Rfc8 17. Nf3 Ne4 18. Bd3 Qa5 19. Bxe4 dxe4 20. Nd2 f5 21.
Nc4 Qa6 22. Qd2 b5 23. Ne5 Qa3 24. Rfd1 Rc2 25. Qe1 a6 26. Rd2 Qa5 27. Rxc2
Qxe1+ 28. Rxe1 Rxc2 29. Ra1 Bxe5 30. dxe5 Kf7 31. f4 exf3 32. gxf3 Re2 33. f4
Rxe3 34. Kg2 Rd3 35. h4 Ke6 36. a4 Rxb3 37. axb5 axb5 38. Ra6+ Kf7 39. Rb6 b4
40. Rb7 Rb1 41. Rb6 Rb2+ 42. Kg3 b3 43. Kh3 Rb1 44. Kg2 b2 45. Kh2 Rf1 46. Rxb2
Rxf4 47. Kg3 Re4 48. Rb5 Ke6 49. Rb6+ Kxe5 50. Rb8 Rg4+ 51. Kh3 h5 52. Rb5+ Kf6
53. Ra5 f4 54. Ra6+ Kf5 55. Ra5+ e5 56. Rb5 f3 0-1

[Event "Quebec op U2000"]
[Site "Montreal CAN"]
[Date "2016.07.29"]
[Round "8.44"]
[White "Levasseur, Sylvain"]
[Black "Molloy, Francis"]
[Result "1-0"]
[WhiteElo "1629"]
[BlackElo "1527"]
[PlyCount "129"]
[EventDate "2016.07.23"]
[EventType "swiss"]
[EventRounds "8"]
[EventCountry "CAN"]

1. e4 c5 2. Nf3 d6 3. c3 Nc6 4. Be2 g6 5. O-O Bg7 6. d3 Nf6 7. h3 O-O 8. Be3
Re8 9. Nh2 e5 10. Bg5 h6 11. Be3 Be6 12. Qd2 Kh7 13. Na3 a6 14. Nc2 b6 15. f4
exf4 16. Bxf4 g5 17. Bg3 Qe7 18. Nf3 Nd7 19. d4 cxd4 20. cxd4 d5 21. Bd3 Kg8
22. e5 f6 23. Bg6 Bf7 24. exf6 Nxf6 25. Rae1 Ne4 26. Bxe4 dxe4 27. Nh2 Rad8 28.
Bf2 Bc4 29. Qc3 Bxf1 30. Nxf1 Qf6 31. Qc4+ Kh8 32. d5 Ne5 33. Qxa6 Nd3 34. Bd4
Qf8 35. Bxg7+ Qxg7 36. Re2 Qf6 37. Nfe3 Rf8 38. b3 Nf4 39. Rd2 Nd3 40. Qc4 Qe5
41. Qd4 Qxd4 42. Nxd4 Rc8 43. Ndf5 Rc1+ 44. Kh2 Re1 45. Rc2 Rc1 46. Rd2 Kh7 47.
d6 Rd8 48. Re2 Ne5 49. Rd2 Nd3 50. Re2 Rc5 51. g4 Ne5 52. Kg2 Rc1 53. Nf1 Nf3
54. Rxe4 Rxf1 55. Re7+ Kg6 56. Kxf1 Nh4 57. Re6+ Kf7 58. Rxh6 Ng6 59. Rh7+ Ke6
60. Rb7 Nf8 61. Rxb6 Rc8 62. a4 Rc3 63. a5 Nd7 64. Rb5 Rc6 65. Nd4+ 1-0

[Event "Quebec op U2000"]
[Site "Montreal CAN"]
[Date "2016.07.29"]
[Round "8.45"]
[White "Dubreuil, Raymond"]
[Black "Guan, Zi Yu"]
[Result "0-1"]
[WhiteElo "1637"]
[BlackElo "1637"]
[PlyCount "28"]
[EventDate "2016.07.23"]
[EventType "swiss"]
[EventRounds "8"]
[EventCountry "CAN"]

1. Nf3 Nf6 2. g3 d5 3. c4 dxc4 4. Na3 e6 5. Nxc4 c5 6. Bg2 Nbd7 7. b3 Qc7 8.
Bb2 b5 9. Nce5 Bb7 10. O-O Bd6 11. Nxd7 Qxd7 12. Ne5 Bxe5 13. Bxe5 Bxg2 14.
Kxg2 Qd5+ 0-1

[Event "Quebec op U2000"]
[Site "Montreal CAN"]
[Date "2016.07.29"]
[Round "8.46"]
[White "Sharpe, Michael"]
[Black "Mathews, Theo"]
[Result "1-0"]
[WhiteElo "1617"]
[BlackElo "1588"]
[PlyCount "72"]
[EventDate "2016.07.23"]
[EventType "swiss"]
[EventRounds "8"]
[EventCountry "CAN"]

1. e4 c5 2. Nc3 Nc6 3. Nf3 d6 4. d4 cxd4 5. Nxd4 Nf6 6. Be2 g6 7. Be3 Bg7 8.
O-O Bd7 9. Kh1 O-O 10. f4 a6 11. Nb3 b5 12. a3 Na5 13. Nxa5 Qxa5 14. Bd2 Qd8
15. Bf3 Bc6 16. Be3 Qc7 17. Bd4 Rac8 18. Rc1 Qb7 19. Qe2 Rfe8 20. e5 Bxf3 21.
Rxf3 Nd7 22. Qf2 dxe5 23. fxe5 Bxe5 24. Rf1 Bxd4 25. Qxd4 Nf6 26. Qh4 Rc4 27.
Qh6 Rc5 28. Qe3 Rcc8 29. Qh6 Ng4 30. Qg5 f5 31. h3 Ne5 32. Re3 Nc4 33. Re6 Rc6
34. Rfe1 Qd7 35. Rxe7 Qd2 36. Rxe8+ Kf7 1-0